=LDR 00000nam 2200000 4500 =001 INLIS000000000001816 =005 20130612090213 =008 ***********************************Ind** =035 ##$$0010-061300000001816 =041 ##$$a Ind =082 ##$$a 614.4 =090 ##$$a 614.4, Bus p =100 ##$$a Bustan,M.N =245 ##$$a Pengantar epidemiologi, M.N.Bustan,A.A.Arsunan =260 ##$$a 1997 $b Jakarta =300 ##$$a viii,91 hlm, ilus, 20 cm =650 ##$$a Epidemiologi =850 ##$$a NBPNMAT